[Event "8th Cvitanovic Mem"]
[Site "Spilt"]
[Date "2003.05.02"]
[Round "5"]
[White "Horvath, Jozsef"]
[Black "Dumpor, Atif"]
[Result "0-1"]
[WhiteElo "2507"]
[BlackElo "2394"]
[PlyCount "102"]
[EventDate "2003.04.28"]
[Source "Roberto Alvarez"]
[SourceDate "2003.05.12"]

1. d4 Nf6 2. Nf3 d5 3. c4 c6 4. Nc3 g6 5. Qb3 dxc4 6. Qxc4 Bg7 7. e4 O-O 8. Be2 Be6 9. Qa4 b5 10. Qc2 Qa5 11. e5 Nd5 12. O-O Bf5 13. Ne4 c5 14. Bd2 Qc7 15. Rfc1 cxd4 16. Qxc7 Nxc7 17. Ng3 Ne6 18. Nxf5 gxf5 19. Bxb5 a6 20. Bd3 Nd7 21. Re1 f4 22. b4 a5 23. bxa5 Ndc5 24. Bc4 Rfd8 25. Rab1 d3 26. Bxe6 Nxe6 27. Re4 Rd5 28. g3 fxg3 29. hxg3 h6 30. Rg4 Kh7 31. Kg2 Bxe5 32. Bxh6 f5 33. Rh4 Kg6 34. Bd2 Bf6 35. Rh6+ Kf7 36. Re1 Rdxa5 37. Bxa5 Rxa5 38. Rd1 Nc5 39. Rh7+ Kg6 40. Rdh1 Bg7 41. R7h5 Rxa2 42. Rg5+ Kf6 43. Rhh5 e6 44. Rh7 Ne4 45. Rgxg7 Rxf2+ 46. Kg1 Rxf3 47. Rd7 Rxg3+ 48. Kf1 Rf3+ 49. Ke1 Re3+ 50. Kd1 Rg3 51. Kc1 Rg1+ 0-1

[Event "RUS-sf"]
[Site "Briansk"]
[Date "1995.??.??"]
[Round "6"]
[White "Poluljahov, Aleksandr"]
[Black "Daniliuk, Sergey"]
[Result "1/2-1/2"]
[WhiteElo "2450"]
[BlackElo "2445"]
[PlyCount "68"]
[EventDate "1995.??.??"]
[Source "www.chesslib.no"]
[SourceDate "2004.05.04"]

1. Nf3 d5 2. c4 c6 3. d4 Nf6 4. Nc3 g6 5. cxd5 cxd5 6. Bg5 Ne4 7. e3 Nxg5 8. Nxg5 e6 9. f4 Nc6 10. Bd3 Bd7 11. Rc1 Be7 12. Nf3 Rc8 13. O-O f5 14. h3 O-O 15. g4 Na5 16. b3 Ba3 17. Rc2 Qe7 18. gxf5 gxf5 19. Rg2+ Kh8 20. Ne2 Rg8 21. Rff2 Nc6 22. Kh2 Rxg2+ 23. Rxg2 Rg8 24. Rxg8+ Kxg8 25. Ne5 Nxe5 26. fxe5 Qg5 27. Nf4 Bf8 28. Qc2 h5 29. Qc7 h4 30. Qxd7 Qg3+ 31. Kh1 Qe1+ 32. Kg2 Qg3+ 33. Kh1 Qe1+ 34. Kg2 Qg3+ 1/2-1/2

[Event "Dato Arthur Tan Malaysian Op"]
[Site "Kuala Lumpur MAS"]
[Date "2007.08.25"]
[Round "9"]
[White "Ginting, Nas"]
[Black "Dimakiling, O."]
[Result "1-0"]
[WhiteElo "2393"]
[BlackElo "2500"]
[PlyCount "68"]
[EventDate "2007.08.20"]
[Source "www.chesslib.no"]
[SourceDate "2004.05.04"]

1. Nf3 Nf6 2. c4 d5 3. d4 c6 4. Nc3 g6 5. cxd5 Nxd5 6. e4 Nb6 7. Be2 Bg7 8. O-O O-O 9. h3 Be6 10. Bf4 h6 11. Be5 f6 12. Bf4 N8d7 13. Qc1 g5 14. Bg3 Bf7 15. Qc2 e5 16. Rfd1 Qe7 17. b3 Bg6 18. Rac1 Rae8 19. d5 f5 20. dxc6 bxc6 21. exf5 Bxf5 22. Ne4 c5 23. Nfd2 Kh8 24. Nc4 Nf6 25. Ncd6 Bg6 26. Bd3 Rd8 27. Nxf6 Bxd3 28. Rxd3 Rxf6 29. Nf5 Rxf5 30. Rxd8+ Qxd8 31. Qxf5 Qd5 32. Qc2 Nd7 33. Rd1 Qe6 34. Qe4 Qe7 1-0

[Event "Sevilla op"]
[Site "Sevilla"]
[Date "1992.??.??"]
[Round "9"]
[White "Cramling, Pia"]
[Black "Alawieh, Amin"]
[Result "1-0"]
[WhiteElo "2530"]
[BlackElo "2360"]
[PlyCount "95"]
[EventDate "1992.01.??"]
[Source "ChessBase"]

1. d4 Nf6 2. c4 c6 3. Nc3 d5 4. Nf3 g6 5. cxd5 Nxd5 6. e4 Nb6 7. h3 Bg7 8. Be3 O-O 9. Rc1 a5 10. Be2 Be6 11. b3 h6 12. O-O Na6 13. Qd2 Kh7 14. Rfd1 Nb4 15. a3 Bxb3 16. axb4 Bxd1 17. Nxd1 a4 18. Nc3 Qd6 19. Na2 Rfd8 20. Qc2 Qe6 21. Rb1 Qd6 22. h4 Kg8 23. Rd1 Qe6 24. Rb1 Qd6 25. g3 Qe6 26. Bd3 Qd6 27. Rd1 Qe6 28. Qe2 Rdc8 29. Kg2 Rd8 30. Rc1 Rdc8 31. Rc3 Rd8 32. Bb1 Nc8 33. Ra3 Nb6 34. Bd3 Qd6 35. Bf4 Qd7 36. Bc1 Qe6 37. Bf4 Qd7 38. Qe3 h5 39. Qe2 Re8 40. Be3 Qd6 41. Qc2 Red8 42. Kh2 Rdc8 43. Qb1 Qd8 44. Nc3 Qd6 45. Ne2 Nd7 46. e5 Qd5 47. Nf4 Qxf3 48. Be4 1-0

[Event "XXXII Tenkes Cup"]
[Site "Harkany UNG"]
[Date "2008.11.15"]
[Round "2"]
[White "Jankovic, A."]
[Black "Werner, Di"]
[Result "1-0"]
[WhiteElo "2548"]
[BlackElo "2328"]
[PlyCount "43"]
[EventDate "2008.11.14"]
[Source "www.chesslib.no"]
[SourceDate "2004.05.04"]

1. d4 d5 2. c4 c6 3. Nc3 Nf6 4. Nf3 g6 5. cxd5 cxd5 6. Bf4 Bg7 7. e3 O-O 8. Bd3 Nc6 9. h3 Bf5 10. Bxf5 gxf5 11. g4 Qd7 12. Ne5 Qe6 13. Qd3 fxg4 14. hxg4 Rfc8 15. f3 Kf8 16. g5 Ng8 17. Nxc6 Qxc6 18. Rxh7 e6 19. Nb5 Ne7 20. Bd6 Re8 21. Kd2 a6 22. Rah1 1-0

[Event "Neckar op 6th"]
[Site "Deizisau"]
[Date "2002.03.30"]
[Round "4"]
[White "Gustafsson, Jan"]
[Black "Maier, Christian"]
[Result "1-0"]
[WhiteElo "2513"]
[BlackElo "2354"]
[PlyCount "57"]
[EventDate "2002.03.28"]
[Source "ChessBase"]
[SourceDate "2002.05.03"]

1. d4 d5 2. c4 c6 3. Nf3 Nf6 4. Nc3 g6 5. cxd5 cxd5 6. Bf4 Bd7 7. e3 Nc6 8. h3 Bg7 9. Ne5 O-O 10. Bd3 Be8 11. O-O Nxe5 12. Bxe5 Bc6 13. Qb3 Qd7 14. Rfc1 Rfc8 15. a4 Ne8 16. Bg3 e6 17. a5 Nd6 18. a6 Nc4 19. axb7 Qxb7 20. Bxc4 dxc4 21. Qxb7 Bxb7 22. Nb5 e5 23. Nd6 exd4 24. Nxc8 Rxc8 25. Rxa7 Bd5 26. exd4 Bxd4 27. Ra5 Be6 28. Be5 Rd8 29. Rd1 1-0

[Event "Tenkes Cup op"]
[Site "?"]
[Date "1998.??.??"]
[Round "?"]
[White "Vaulin Alexander"]
[Black "Kahn Evarth"]
[Result "1/2-1/2"]
[WhiteElo "2535"]
[BlackElo "2330"]
[PlyCount "59"]
[EventDate "1998.??.??"]
[Source "www.chesslib.no"]
[SourceDate "2004.05.04"]

1. d4 Nf6 2. Nf3 g6 3. c4 c6 4. Nc3 d5 5. cxd5 cxd5 6. Bf4 a6 7. e3 Bg7 8. Be2 O-O 9. O-O e6 10. Rc1 Nc6 11. h3 Bd7 12. a3 b5 13. Ne5 Qb6 14. Nxc6 Bxc6 15. Qb3 Qb7 16. Rc2 Rfc8 17. Rfc1 Ne8 18. Na2 Bd7 19. Nb4 Rxc2 20. Rxc2 Rc8 21. Nd3 Rxc2 22. Qxc2 Qc8 23. Nc5 Bf8 24. Bd3 Nd6 25. Bxd6 Bxd6 26. e4 dxe4 27. Bxe4 a5 28. Nxd7 Qxd7 29. Qc6 Qxc6 30. Bxc6 1/2-1/2

[Event "Pardubice"]
[Site "?"]
[Date "2006.07.23"]
[Round "3"]
[White "Gajewski Grzegorz"]
[Black "Lubczynski Rafal"]
[Result "1-0"]
[WhiteElo "2504"]
[BlackElo "2361"]
[PlyCount "79"]
[EventDate "2006.??.??"]
[Source "www.chesslib.no"]
[SourceDate "2004.05.04"]

1. d4 d5 2. c4 c6 3. Nc3 Nf6 4. Nf3 g6 5. Bf4 Bg7 6. h3 dxc4 7. e4 b5 8. Qc2 O-O 9. Be2 Na6 10. O-O Nb4 11. Qd2 a5 12. Rfe1 Ba6 13. a3 Nd3 14. Bxd3 cxd3 15. b4 Nd7 16. Qxd3 e5 17. Bg5 Qb6 18. Be3 exd4 19. Bxd4 Bxd4 20. Qxd4 Rfd8 21. Red1 Bb7 22. Qd6 axb4 23. axb4 Rxa1 24. Rxa1 Nf8 25. Qf6 Qc7 26. e5 h6 27. Ne4 Nh7 28. Qh4 c5 29. bxc5 Bxe4 30. Qxe4 Qxc5 31. e6 Re8 32. exf7+ Kxf7 33. Qf4+ Kg7 34. Rc1 Qf8 35. Rc7+ Re7 36. Qe5+ Kf7 37. Qd5+ Kg7 38. Nd4 Ng5 39. Qe5+ Kf7 40. h4 1-0

[Event "Club Argentino"]
[Site "Buenos Aires"]
[Date "1977.??.??"]
[Round "10"]
[White "Rubinetti, Jorge Alberto"]
[Black "Schweber, Samuel"]
[Result "1/2-1/2"]
[WhiteElo "2420"]
[BlackElo "2445"]
[PlyCount "38"]
[EventDate "1977.??.??"]
[Source "ChessBase"]

1. d4 d5 2. c4 c6 3. Nf3 Nf6 4. Nc3 g6 5. cxd5 cxd5 6. Bg5 Ne4 7. Bh4 Nc6 8. e3 Nxc3 9. bxc3 Bg7 10. Bd3 O-O 11. O-O Bg4 12. h3 Bxf3 13. Qxf3 Qa5 14. Rfc1 e5 15. Qd1 Qa3 16. Rab1 Na5 17. Bf1 Rfc8 18. dxe5 Bxe5 19. Qxd5 Rc5 1/2-1/2

[Event "II Cerrado CajaCanarias"]
[Site "Santa Cruz de Tenerife"]
[Date "2004.11.14"]
[Round "9.5"]
[White "Movsziszian, Karen"]
[Black "Tatai, Stefano"]
[Result "0-1"]
[WhiteElo "2512"]
[BlackElo "2348"]
[PlyCount "96"]
[EventDate "2004.11.08"]
[Source "Roberto Alvarez"]
[SourceDate "2004.11.15"]

1. d4 d5 2. c4 c6 3. Nf3 Nf6 4. Nc3 g6 5. Bf4 a6 6. e3 b5 7. cxd5 cxd5 8. Rc1 Qa5 9. Nd2 Nbd7 10. g4 e6 11. Be2 Bb7 12. g5 Ne4 13. Ncxe4 dxe4 14. a3 b4 15. a4 Be7 16. h4 b3 17. Qxb3 Bd5 18. Bc4 Bb4 19. Bxd5 Bxd2+ 20. Ke2 Bxc1 21. Bxa8 Qd2+ 22. Kf1 Qd3+ 23. Qxd3 exd3 24. Be4 e5 25. Bg3 d2 26. Ke2 Ke7 27. dxe5 Rc8 28. Kd1 Rc4 29. Bc2 Nb6 30. b3 Nd5 31. Bd3 Rc6 32. Bc4 Nc3+ 33. Kc2 Nxa4 34. e6 Nb2 35. exf7 Nxc4 36. bxc4 Rxc4+ 37. Kd1 Kxf7 38. h5 a5 39. hxg6+ hxg6 40. Rh7+ Ke6 41. Ra7 a4 42. f3 a3 43. Ra6+ Kf7 44. Rf6+ Kg7 45. Ra6 Kf7 46. Be5 Rh4 47. Kc2 Rh1 48. Rd6 Bb2 0-1

[Event "Donau Open 5th"]
[Site "Aschach AUT"]
[Date "1996.??.??"]
[Round "3"]
[White "Teske, Henrik"]
[Black "Altukhov, Sergei"]
[Result "1-0"]
[WhiteElo "2510"]
[BlackElo "2350"]
[PlyCount "59"]
[EventDate "1996.??.??"]
[Source "www.chesslib.no"]
[SourceDate "2004.05.04"]

1. Nf3 Nf6 2. d4 d5 3. c4 c6 4. Nc3 g6 5. cxd5 cxd5 6. Bf4 Nc6 7. e3 Bg7 8. Be2 O-O 9. h3 Ne4 10. Rc1 Nxc3 11. Rxc3 f6 12. Rc5 Be6 13. O-O Bf7 14. Qb3 e5 15. dxe5 fxe5 16. Bg3 Qe7 17. Rfc1 h6 18. Bb5 Rac8 19. Bxc6 Rxc6 20. Rxc6 bxc6 21. Rxc6 d4 22. Qb5 dxe3 23. fxe3 e4 24. Bd6 Qd7 25. Bxf8 exf3 26. Bxg7 Be8 27. Qc4+ Bf7 28. Rc8+ Kh7 29. Rh8+ Kxg7 30. Qc3+ 1-0

[Event "CUB Ch"]
[Site "Holguin"]
[Date "1991.??.??"]
[Round "8"]
[White "Borges Mateos, Juan"]
[Black "Vera, Reynaldo G"]
[Result "0-1"]
[WhiteElo "2385"]
[BlackElo "2465"]
[PlyCount "50"]
[EventDate "1991.10.??"]
[Source "www.chesslib.no"]
[SourceDate "2004.05.04"]

1. Nf3 Nf6 2. c4 c6 3. d4 d5 4. Nc3 g6 5. cxd5 cxd5 6. Bf4 Bg7 7. e3 O-O 8. Bd3 Nc6 9. h3 b6 10. O-O Bb7 11. Rc1 Rc8 12. Ne5 Nxe5 13. Bxe5 Ne4 14. Bxe4 dxe4 15. Bxg7 Kxg7 16. Qa4 a5 17. Rfd1 f5 18. d5 Rf6 19. Qd4 Kf7 20. a4 Qd7 21. f3 exf3 22. e4 fxe4 23. Qxe4 Qd6 24. Rc2 Qg3 25. Kh1 f2 0-1

[Event "CRO-chT"]
[Site "Porec"]
[Date "1998.09.07"]
[Round "3"]
[White "Zaja, Ivan"]
[Black "Boric, Muhamed"]
[Result "1/2-1/2"]
[WhiteElo "2445"]
[BlackElo "2400"]
[PlyCount "57"]
[EventDate "1998.09.??"]
[Source "www.chesslib.no"]
[SourceDate "2004.05.04"]

1. d4 Nf6 2. c4 c6 3. Nc3 d5 4. Nf3 g6 5. cxd5 cxd5 6. Bf4 Nc6 7. e3 Bg7 8. h3 O-O 9. Bd3 a6 10. Rc1 Bd7 11. Qb3 Na5 12. Qb4 Bc6 13. Ne5 Nd7 14. Nxd7 Bxd7 15. Nxd5 Nc6 16. Qxb7 e5 17. Bxe5 Bxe5 18. dxe5 Qa5+ 19. Nc3 Nxe5 20. Be4 Rab8 21. Qd5 Qxd5 22. Nxd5 Rxb2 23. Nf6+ Kg7 24. Nxd7 Nxd7 25. Bd5 Nf6 26. Bc4 Ne4 27. Bxa6 Rxa2 28. Bb7 Nxf2 29. O-O 1/2-1/2

[Event "Australian Open, Canberra AUS"]
[Site "?"]
[Date "2001.??.??"]
[Round "7"]
[White "Djuric, S."]
[Black "Heidenfeld, M."]
[Result "1-0"]
[WhiteElo "2470"]
[BlackElo "2375"]
[PlyCount "101"]
[EventDate "2001.??.??"]
[Source "www.chesslib.no"]
[SourceDate "2004.05.04"]

1. d4 Nf6 2. Nf3 g6 3. c4 c6 4. Nc3 d5 5. cxd5 cxd5 6. Bf4 Nc6 7. e3 Bg7 8. Bd3 O-O 9. O-O Bg4 10. h3 Bxf3 11. Qxf3 Qd7 12. Rac1 a6 13. Rfd1 Rfd8 14. Bc2 b5 15. Be5 Rac8 16. Bxf6 exf6 17. Bb3 Na5 18. Qxd5 Qxd5 19. Bxd5 Rxc3 20. Bxf7+ Kxf7 21. Rxc3 Nc4 22. b3 Nd6 23. Rc7+ Kg8 24. Rdc1 Ra8 25. R1c6 Bf8 26. Rd7 Ne8 27. g4 a5 28. a4 bxa4 29. bxa4 Rb8 30. Kg2 Bb4 31. Kf3 Be1 32. Ke2 Bb4 33. Kf3 Be1 34. d5 Bb4 35. h4 Ra8 36. g5 f5 37. Ke2 Bf8 38. Kd3 Bb4 39. f3 f4 40. exf4 Ng7 41. Rdc7 Nf5 42. Rc8+ Rxc8 43. Rxc8+ Kf7 44. Rc7+ Kg8 45. h5 gxh5 46. Ke4 Nd6+ 47. Ke5 Ne8 48. Rc6 Bf8 49. f5 Kf7 50. f4 h4 51. f6 1-0

[Event "AUT Team Ch"]
[Site "Austria"]
[Date "1989.??.??"]
[Round "?"]
[White "Brestian, Egon"]
[Black "Baumgartner, Heinz"]
[Result "1-0"]
[WhiteElo "2465"]
[BlackElo "2365"]
[PlyCount "57"]
[EventDate "1989.??.??"]
[Source "www.chesslib.no"]
[SourceDate "2004.05.04"]

1. Nf3 Nf6 2. c4 c6 3. d4 d5 4. Nc3 g6 5. cxd5 cxd5 6. Bf4 Qa5 7. e3 Bg7 8. Bd3 O-O 9. O-O Bg4 10. h3 Bxf3 11. Qxf3 Nc6 12. Rfc1 Rfe8 13. Bg5 Rad8 14. Bc2 Rd6 15. Bb3 Red8 16. Bf4 R6d7 17. Qe2 Ne4 18. Nxe4 dxe4 19. Rc5 Qb6 20. Rac1 e6 21. Qc2 Bf8 22. Rc4 Qa6 23. Qxe4 Na5 24. R4c3 Bb4 25. Rc7 Nxb3 26. axb3 Rxc7 27. Rxc7 Qa1+ 28. Kh2 Qxb2 29. Rxb7 1-0

[Event "TCh-CZE 2002-3"]
[Site "Czech Rep"]
[Date "2002.10.13"]
[Round "2"]
[White "Belunek, Vladimir"]
[Black "Lechtynsky, Jiri"]
[Result "1-0"]
[WhiteElo "2416"]
[BlackElo "2410"]
[PlyCount "101"]
[EventDate "2003.01.01"]
[Source "Roberto Alvarez"]
[SourceDate "2003.04.28"]

1. d4 d5 2. c4 c6 3. Nf3 Nf6 4. Nc3 g6 5. cxd5 cxd5 6. Bf4 Nc6 7. e3 Bg7 8. h3 O-O 9. Be2 Ne4 10. Rc1 f6 11. Nxd5 e5 12. Bh2 Be6 13. Nc3 Qa5 14. O-O Nxc3 15. bxc3 Qxa2 16. c4 exd4 17. exd4 Rfd8 18. d5 Bf5 19. Bd3 Bxd3 20. Qxd3 b5 21. Qb1 Qxb1 22. Rxb1 Na5 23. Bc7 Nxc4 24. Bxd8 Rxd8 25. Rxb5 f5 26. Rc1 Nb6 27. Rd1 Bf6 28. g4 fxg4 29. hxg4 Kf7 30. Kg2 Rd7 31. Kg3 Nc4 32. Rc5 Nd6 33. Kf4 h6 34. Ne5+ Bxe5+ 35. Kxe5 Ke7 36. Rdc1 Ne8 37. Rc6 Nd6 38. Rc7 Nf7+ 39. Kd4 Nd6 40. Re1+ Kd8 41. Rxd7+ Kxd7 42. Re6 h5 43. Rxg6 hxg4 44. Rxg4 Ke7 45. Rg7+ Kf6 46. Rd7 Nf5+ 47. Ke4 a5 48. Ra7 Nd6+ 49. Kf4 Nc4 50. Ra6+ Ke7 51. Ke4 1-0

[Event "Savaria Open 2nd"]
[Site "?"]
[Date "2002.07.30"]
[Round "6"]
[White "Erdos Viktor"]
[Black "Mrkonjic Nenad"]
[Result "1-0"]
[WhiteElo "2446"]
[BlackElo "2375"]
[PlyCount "87"]
[EventDate "2002.??.??"]
[Source "www.chesslib.no"]
[SourceDate "2004.05.04"]

1. d4 d5 2. c4 c6 3. Nf3 Nf6 4. Nc3 g6 5. cxd5 Nxd5 6. e4 Nxc3 7. bxc3 Bg7 8. Be3 O-O 9. Qd2 Qa5 10. Rc1 b6 11. h4 h5 12. Bh6 Nd7 13. Bxg7 Kxg7 14. e5 Ba6 15. Ng5 e6 16. Rh3 Rad8 17. Qf4 Bxf1 18. Kxf1 Qxa2 19. Rf3 Qa3 20. Nxf7 Qxc1+ 21. Qxc1 Rxf7 22. Rxf7+ Kxf7 23. Qa3 c5 24. Qxa7 cxd4 25. cxd4 Ke8 26. Qb7 Nf8 27. Qxb6 Rd7 28. Ke2 Kf7 29. Ke3 Kg7 30. Qc6 Rd8 31. Qf3 Rd7 32. Qf6+ Kg8 33. f3 Rf7 34. Qd8 Rd7 35. Qe8 Kg7 36. g4 hxg4 37. fxg4 Kg8 38. h5 gxh5 39. gxh5 Rg7 40. d5 Rg5 41. Kf4 Rg1 42. dxe6 Rf1+ 43. Kg3 Kg7 44. e7 1-0

[Event "Hungary HUN"]
[Site "?"]
[Date "2005.12.04"]
[Round "5"]
[White "Horvath Peter"]
[Black "Emodi Gyula"]
[Result "1/2-1/2"]
[WhiteElo "2458"]
[BlackElo "2362"]
[PlyCount "204"]
[EventDate "2005.??.??"]
[Source "www.chesslib.no"]
[SourceDate "2004.05.04"]

1. d4 d5 2. c4 c6 3. Nf3 Nf6 4. Nc3 g6 5. Bf4 dxc4 6. e3 b5 7. a4 Qb6 8. axb5 cxb5 9. b3 e6 10. e4 Bb4 11. Bd2 Bxc3 12. Bxc3 Nxe4 13. Ba5 Qd6 14. bxc4 bxc4 15. Bxc4 Nc6 16. O-O O-O 17. Qd3 Nxa5 18. Rxa5 Bb7 19. Rfa1 Rfc8 20. Ba6 Rc3 21. Qe2 Bd5 22. h3 Qc7 23. Bd3 Rc1+ 24. Rxc1 Qxc1+ 25. Qe1 Rc8 26. Rxa7 Qb2 27. Bf1 Rc1 28. Qe3 Qb1 29. Nh2 Kg7 30. Qf4 Nf6 31. Rc7 Rd1 32. Qe5 Qe4 33. Qxe4 Nxe4 34. Ng4 Rxd4 35. Bb5 Nd6 36. Bd7 Rd1+ 37. Kh2 Rd2 38. Kg1 h5 39. Ne3 Ne4 40. f3 Nf6 41. Ra7 Re2 42. Nxd5 exd5 43. Bc6 Rc2 44. Bb5 Rb2 45. Bc6 Rb6 46. Bd7 h4 47. Bg4 d4 48. Ra4 Rd6 49. Ra2 Nd5 50. Bc8 Kf6 51. Kf2 Ke5 52. Bb7 Nc3 53. Rd2 f5 54. g3 g5 55. gxh4 gxh4 56. Bc8 Kf4 57. Rd3 Ke5 58. Bb7 Rb6 59. f4+ Kf6 60. Ba8 Rb4 61. Kf3 Ke6 62. Rd2 Kd6 63. Rg2 Kc5 64. Rg5 d3 65. Ke3 d2 66. Rxf5+ Kc4 67. Kxd2 Rb2+ 68. Ke3 Rh2 69. Kf3 Rxh3+ 70. Kg4 Rg3+ 71. Kxh4 Rg8 72. Bf3 Kd4 73. Re5 Rh8+ 74. Kg4 Rg8+ 75. Rg5 Rf8 76. Rg7 Nb5 77. Be2 Nd6 78. Rd7 Kd5 79. Bd3 Rg8+ 80. Kf3 Rh8 81. Bh7 Ke6 82. Ra7 Kf6 83. Kg4 Nf7 84. Ra6+ Kg7 85. Be4 Rh6 86. Ra7 Rd6 87. Bc2 Kf6 88. Bb3 Nd8 89. Rh7 Rd3 90. Rh6+ Ke7 91. Rb6 Rd6 92. Rb5 Rg6+ 93. Kf5 Rf6+ 94. Ke4 Rh6 95. Bd5 Rg6 96. Ra5 Rb6 97. Ra8 Rb4+ 98. Kf3 Ne6 99. Be4 Rb3+ 100. Kg4 Rb4 101. Ra7+ Kf6 102. Kf3 Rb3+ 1/2-1/2

[Event "Muenster IM"]
[Site "Muenster GER"]
[Date "1990.??.??"]
[Round "5"]
[White "Piskov, Yury"]
[Black "Beckemeier, Werner"]
[Result "1-0"]
[WhiteElo "2445"]
[BlackElo "2345"]
[PlyCount "59"]
[EventDate "1990.??.??"]
[Source "www.chesslib.no"]
[SourceDate "2004.05.04"]

1. d4 Nf6 2. c4 c6 3. Nc3 d5 4. Nf3 g6 5. cxd5 cxd5 6. Bf4 Bg7 7. e3 O-O 8. Be2 Nc6 9. h3 a6 10. O-O Bf5 11. Rc1 Ne4 12. Qb3 Nxc3 13. Rxc3 Qd7 14. Rc5 Rfd8 15. Rfc1 h6 16. Qb6 Rdc8 17. R1c3 Bf8 18. Ne5 Nxe5 19. Rc7 Qa4 20. Bxe5 Qxa2 21. Bf3 Rxc7 22. Bxc7 Bc8 23. Bf4 Be6 24. Qxb7 Rd8 25. Kh2 a5 26. Bc7 Rd7 27. Qb8 f6 28. Bf4 Kf7 29. Rc8 Bg7 30. Rg8 1-0

[Event "Hungary HUN"]
[Site "?"]
[Date "2005.10.16"]
[Round "1"]
[White "Jakab Attila"]
[Black "Emodi Gyula"]
[Result "1-0"]
[WhiteElo "2424"]
[BlackElo "2362"]
[PlyCount "121"]
[EventDate "2005.??.??"]
[Source "www.chesslib.no"]
[SourceDate "2004.05.04"]

1. d4 d5 2. c4 c6 3. Nf3 Nf6 4. Nc3 g6 5. Bf4 dxc4 6. e3 Be6 7. Ng5 Bd5 8. e4 h6 9. exd5 hxg5 10. dxc6 Nxc6 11. Bxg5 Qa5 12. d5 O-O-O 13. Bxc4 Ne4 14. O-O Qc7 15. Qg4+ f5 16. Bf4 Ne5 17. Qe2 Bh6 18. Bxe5 Qxe5 19. h3 Bg7 20. Nxe4 fxe4 21. Rae1 Rh4 22. Qe3 Rdh8 23. Re2 Qc7 24. Bb3 Kb8 25. Rc1 Qd6 26. Rc4 Bh6 27. Qc3 Bg5 28. Rcxe4 Bf6 29. Qd3 Rxe4 30. Qxe4 g5 31. Qe6 Qf4 32. g3 Qd4 33. Kg2 Qb4 34. Qe4 Qb6 35. Rc2 Rf8 36. Qe6 Qb4 37. Qd7 a6 38. Qc7+ Ka7 39. Qc5+ Qxc5 40. Rxc5 Bxb2 41. Rc4 Ba3 42. Bc2 Kb6 43. Rg4 Bc5 44. f3 Be3 45. Re4 Bc5 46. Re6+ Kb5 47. Rg6 Be3 48. Rg7 Rc8 49. Bd3+ Kc5 50. Rxe7 Kd4 51. Bf5 Rc5 52. Re4+ Kd3 53. Rb4+ Kc3 54. Rb3+ Kd2 55. Be4 Rc7 56. d6 Rd7 57. Rd3+ Ke2 58. Rd5 b5 59. Bd3+ Ke1 60. Bf5 Rd8 61. Bg4 1-0

[Event "OL_Krumbach1-TarrMue1"]
[Site "?"]
[Date "2003.10.12"]
[Round "1.1"]
[White "Vavrak Peter"]
[Black "Lechtynsky Jiri"]
[Result "0-1"]
[WhiteElo "2360"]
[BlackElo "2426"]
[PlyCount "164"]
[EventDate "2003.??.??"]
[Source "www.chesslib.no"]
[SourceDate "2004.05.04"]

1. Nf3 Nf6 2. c4 c6 3. d4 d5 4. Nc3 g6 5. cxd5 cxd5 6. Bg5 Ne4 7. Bf4 Nc6 8. e3 Bg7 9. Bd3 Nxc3 10. bxc3 O-O 11. O-O Bg4 12. h3 Bxf3 13. Qxf3 e5 14. dxe5 Nxe5 15. Bxe5 Bxe5 16. Rab1 b6 17. Rb5 Bxc3 18. Rxd5 Qf6 19. Rd1 Rad8 20. Be2 Qxf3 21. gxf3 Rxd5 22. Rxd5 Rc8 23. Rd7 Bf6 24. Rxa7 Rc2 25. Bd3 Rd2 26. Bc4 Bh4 27. Rxf7 Kh8 28. e4 Bxf2+ 29. Kf1 Bg3 30. Kg1 Bf2+ 31. Kh1 g5 32. e5 Bc5 33. e6 Rd1+ 34. Kg2 Rg1+ 35. Kh2 Re1 36. h4 gxh4 37. Bd5 Re5 38. Rd7 b5 39. Kh3 b4 40. Kxh4 h5 41. f4 Bf2+ 42. Kh3 Re3+ 43. Kg2 Bh4 44. Bb3 Rg3+ 45. Kh2 Rg7 46. Rd3 Be7 47. f5 Kh7 48. Rf3 Bf6 49. Kh1 Kh6 50. Rf4 Rg4 51. Rf2 Re4 52. Bc2 Re3 53. Kg2 h4 54. Bb3 h3+ 55. Kh1 Kg5 56. Bc4 Rc3 57. Bf1 Be7 58. Kh2 Bd6+ 59. Kh1 Kf6 60. Rd2 Bf4 61. Rd3 Rc1 62. Rf3 Bd6 63. Rf2 Be5 64. Rf3 Ra1 65. Rf2 h2 66. Kg2 Bd4 67. e7 Kxe7 68. f6+ Kf8 69. Rf4 Rxa2+ 70. Kh1 Be5 71. Rf5 Ra5 72. Bc4 Rc5 73. Rg5 Rxc4 74. Rxe5 Kf7 75. Rf5 Rh4 76. Rf3 Rh5 77. Rb3 Rb5 78. Kxh2 Kxf6 79. Kg3 Ke5 80. Kf3 Kd4 81. Ke2 Kc4 82. Rb1 Kc3 0-1

[Event "Nikolaev zt"]
[Site "Nikolaev"]
[Date "1995.??.??"]
[Round "9"]
[White "Krivoshey, Sergei"]
[Black "Rakhmangulov, Andrei"]
[Result "1/2-1/2"]
[WhiteElo "2420"]
[BlackElo "2360"]
[PlyCount "55"]
[EventDate "1995.03.??"]
[Source "ChessBase"]

1. Nf3 Nf6 2. c4 c6 3. d4 d5 4. Nc3 g6 5. cxd5 Nxd5 6. e4 Nb6 7. h4 Bg4 8. Be3 Bg7 9. Qd2 Bxf3 10. gxf3 e5 11. dxe5 Qxd2+ 12. Kxd2 Bxe5 13. f4 Bg7 14. h5 N8d7 15. Kc2 O-O-O 16. a4 a5 17. e5 Kc7 18. Ne4 Bh6 19. Nd6 Rdf8 20. Nxf7 Rxf7 21. hxg6 hxg6 22. e6 Rfh7 23. exd7 Nd5 24. Rd1 Rxd7 25. Kb3 Rhh7 26. Bc4 Nxe3 27. Rxd7+ Rxd7 28. fxe3 1/2-1/2

[Event "BUL-ch"]
[Site "Plovdiv"]
[Date "1999.05.18"]
[Round "7"]
[White "Genov, Petar"]
[Black "Dragiev, Veselin"]
[Result "1-0"]
[WhiteElo "2410"]
[BlackElo "2370"]
[PlyCount "127"]
[EventDate "1999.05.??"]
[Source "ChessBase"]
[SourceDate "1999.07.10"]

1. d4 d5 2. Nf3 Nf6 3. c4 c6 4. Nc3 g6 5. cxd5 cxd5 6. Bf4 a6 7. e3 Bg7 8. Bd3 O-O 9. h3 Nc6 10. a3 b5 11. O-O Bf5 12. Bxf5 gxf5 13. Ne5 Rc8 14. Nd3 Ne4 15. Ne2 e6 16. f3 Nf6 17. Nc5 Nd7 18. Nxa6 Qb6 19. Nb4 Nxb4 20. axb4 Nb8 21. Qd2 Rfd8 22. Nc1 Nc6 23. Nd3 Ra8 24. Nc5 Ra7 25. Ra3 Rda8 26. Rfa1 Qd8 27. Kh1 h6 28. Qe2 Qb6 29. Qe1 Kh7 30. Kh2 Ne7 31. Nd7 Qb7 32. Nc5 Qb6 33. Qg3 Ng6 34. Bc7 Rxa3 35. Rxa3 Qc6 36. Qd6 Qxd6+ 37. Bxd6 Rd8 38. Bc7 Rc8 39. Ra7 f4 40. exf4 Bxd4 41. Rb7 Kg8 42. Nd3 h5 43. g4 Ra8 44. f5 exf5 45. gxh5 Nf8 46. Rxb5 Ne6 47. Rb8+ Rxb8 48. Bxb8 Be3 49. Bd6 Nd4 50. Bc5 Nxf3+ 51. Kg3 Nd4 52. Bxd4 Bxd4 53. Kf4 Kg7 54. Kxf5 Kh6 55. b5 Kxh5 56. b4 Ba7 57. Nf4+ Kh4 58. Nxd5 Kxh3 59. b6 Bb8 60. b7 Kg3 61. Ne7 Kf3 62. Nc6 Bd6 63. b5 Ke3 64. b6 1-0

[Event "St John Uni"]
[Site "?"]
[Date "2004.06.25"]
[Round "7"]
[White "Ivkov Borislav"]
[Black "Bonin Jay R"]
[Result "1/2-1/2"]
[WhiteElo "2433"]
[BlackElo "2341"]
[PlyCount "24"]
[EventDate "2004.??.??"]
[Source "www.chesslib.no"]
[SourceDate "2004.05.04"]

1. Nf3 Nf6 2. c4 c6 3. d4 g6 4. Nc3 d5 5. cxd5 cxd5 6. Bf4 Nc6 7. e3 a6 8. Bd3 Bg7 9. O-O Bg4 10. Bg3 Bxf3 11. Qxf3 O-O 12. Rac1 e6 1/2-1/2

[Event "First Saturday IM-A - Agosto 2007"]
[Site "Budapest UNG"]
[Date "2007.08.10"]
[Round "7"]
[White "Pitl, Gregory"]
[Black "Lang, Torsten"]
[Result "1/2-1/2"]
[WhiteElo "2387"]
[BlackElo "2374"]
[PlyCount "23"]
[EventDate "2007.08.04"]
[Source "www.chesslib.no"]
[SourceDate "2004.05.04"]

1. d4 d5 2. Nf3 Nf6 3. c4 c6 4. Nc3 g6 5. cxd5 cxd5 6. Bf4 Bg7 7. Qa4+ Nc6 8. e3 O-O 9. Ne5 Nh5 10. Nxc6 bxc6 11. Bg5 Qb6 12. Qa3 1/2-1/2